Global ecotourism policies and case studies : perspectives and constraints

Αποθηκεύτηκε σε:
Λεπτομέρειες βιβλιογραφικής εγγραφής
Άλλοι συγγραφείς: Luck, Michael 1966- (Επιμελητής έκδοσης), Kirstges, Torsten (Επιμελητής έκδοσης)
Μορφή: Βιβλίο
Γλώσσα:English
Δημοσίευση: Clevedon : Channel View Publications, c2003
Σειρά:Current themes in tourism
Θέματα:
Ετικέτες: Προσθήκη ετικέτας
Δεν υπάρχουν, Καταχωρήστε ετικέτα πρώτοι!

MARC

LEADER 00000nam a2200000 i 4500
001 1/80657
008 080407s2003 eng d
020 |a 1-873150-40-7 (hbk.) 
035 |l 10096269 
040 |a GR-MY-UA  |b gre  |e aacr 
041 0 |a eng 
082 0 |a 338.4791  |2 (22) 
245 1 0 |a Global ecotourism policies and case studies :  |b perspectives and constraints /  |c edited by Michael Lck and Torsten Kirstges 
260 |a Clevedon :   |b Channel View Publications,   |c c2003 
300 |a xii, 202 σ.;  |b εικ., χάρτες;  |c 26 εκ. 
490 1 |a Current themes in tourism 
504 |a Περιλαμβάνει βιβλιογραφικές παραπομπές και ευρετήριο 
650 0 0 |a Ecotourism. 
650 0 0 |a Ecotourism  |x Case studies. 
700 1 |a Luck, Michael  |d 1966-  |4 edt 
700 1 |a Kirstges, Torsten.  |4 edt 
830 0 |a Current themes in tourism 
852 |a INST  |b CHIOS  |e 20080407  |h 338.4791 GLO  |p 005200027469  |q 005200027469  |t BK  |y 0 
901 |a BIBL2-2008-1 
909 |a Χ  |b 151232 
922 |a 2ΕΛΗ  |b 200803  |c ΕΠΕΑΕΚ2/ΤΔΕ  |d ΠΑΠΑΣΩΤΗΡΙΟΥ 
970 |a ΒΑΡΦΗΣ  |b ΒΑΓΓΕΛΗΣ  |z 2008/04/07